|
|
|
|
| LEADER |
01187nam a2200313Ia 4500 |
| 001 |
EBC291601 |
| 003 |
MiAaPQ |
| 005 |
20200520144314.0 |
| 006 |
m o d | |
| 007 |
cr cn||||||||| |
| 008 |
000815s2007 enk s 000 0 eng d |
| 020 |
|
|
|z 9781846633720
|
| 035 |
|
|
|a (MiAaPQ)EBC291601
|
| 035 |
|
|
|a (Au-PeEL)EBL291601
|
| 035 |
|
|
|a (CaPaEBR)ebr10172249
|
| 035 |
|
|
|a (OCoLC)437178406
|
| 040 |
|
|
|a MiAaPQ
|c MiAaPQ
|d MiAaPQ
|
| 050 |
|
4 |
|a TS177
|b .T76 2007
|
| 245 |
0 |
0 |
|a Trondheim international symposium
|h [electronic resource] :
|b meeting changing user demands through adaptability /
|c guest editor Professor Tore I. Haugen.
|
| 260 |
|
|
|a Bradford, England :
|b Emerald Group Publishing,
|c c2007.
|
| 300 |
|
|
|a 92 p.
|
| 490 |
0 |
|
|a Facilities ;
|v 25, no. 3/4
|
| 533 |
|
|
|a Electronic reproduction. Ann Arbor, MI : ProQuest, 2015. Available via World Wide Web. Access may be limited to ProQuest affiliated libraries.
|
| 650 |
|
0 |
|a Facility management.
|
| 650 |
|
0 |
|a Plant engineering.
|
| 655 |
|
4 |
|a Electronic books.
|
| 700 |
1 |
|
|a Haugen, Tore I.
|
| 710 |
2 |
|
|a ProQuest (Firm)
|
| 856 |
4 |
0 |
|u https://ebookcentral.proquest.com/lib/matrademy/detail.action?docID=291601
|z Click to View
|